000 00991nam a2200277 a 4500
001 000044724
003 DO-SdBNP
005 20230206124708.0
007 ta
008 150107s2012 dr r 000 0 spa d
020 _a9789945443851
040 _aDO-SdBNP
_bspa
_cBNPHU
082 4 _222
100 1 _aCuello Nieto, César
_937060
245 1 3 _aLa compleja existencia de la tecnología :
_btecnología, ciencia, desarrollo, sociedad y medioambiente /
_cCésar Cuello Nieto.
260 _aSanto Domingo :
_bBanco Central de la República Dominicana,
_c2012.
300 _a422 p. ;
_c23 cm.
490 1 _aBanco Central de la República Dominicana
_v179
490 1 _aCiencias sociales
_v27
500 _aIncluye referencias bibliográficas y notas al pie de las páginas
504 _aBibliografías : p. 383-409
590 _aInventariado, 2023/BT
830 0 _aBanco Central de la República Dominicana
_n179
_972721
830 0 _aCiencias sociales
_n27
_983079
942 _2ddc
_cLBS1
999 _c44213
_d44213